000 00701nam a2200193 a 4500
008 120416s2005 ||||||||||||||||| || u
050 _aIBRD(08)
100 _aAroca, Patricio
245 1 0 _aMigration, trade, and foreign direct investment in Mexico
260 _aWashington, D. C.
_bWorld Bank
_c2005
300 _a30p.: ill.
350 _a0.00
490 _aPolicy Research Working Paper
650 _aMIGRATION--MEXICO
650 _aTRADE POLICY--ZIMBABWE
650 _aINVESTMENTS, FOREIGN--MEXICO
650 _aTRADE LIBERALIZATION--MEXICO
995 _D0.00
_FCBU-MAIN LIBRARY (Kitwe)
_H1
_I0.00
_UAVAILABLE
_ZInternational Publications
999 _c51218
_d51218